General, organic, and biological chemistry / (Record no. 338)

MARC details
000 -LEADER
fixed length control field 00504cam a2200181 a 4500
020 ## - INTERNATIONAL STANDARD BOOK NUMBER
ISBN 061826597X
050 00 - CALL NUMBER
Classification number QD31
Item number .St6
100 1# - AUTHOR
Personal name Stoker, H. Stephen
245 10 - TITLE
Title General, organic, and biological chemistry /
Statement of responsibility, etc H. Stephen Stoker.
250 ## - EDITION
Edition statement 3rd ed.
260 ## - PUBLICATION INFORMATION
Place of publication Boston :
Name of publisher Houghton Mifflin,
Year of publication c2004.
300 ## - DESCRIPTION
Number of Pages xxii, 797, 59 p. :
Other physical details ill. (some col.) ;
Dimensions 29 cm.
500 ## - NOTES
General note Includes index.
650 #0 - SUBJECTS
Topical Term Chemistry.
650 #0 - SUBJECTS
Topical Term Biochemistry.
650 #0 - SUBJECTS
Topical Term Chemistry, Organic.
942 ## - ADDED ENTRY ELEMENTS (KOHA)
Koha item type Books
Holdings
Withdrawn status Lost status Home library Current library Shelving location Date acquired Full call number Accession Number Copy number Koha item type
    Methodist University Library Wenchi Nursing Methodist University Library Wenchi Nursing General Stacks 20/10/2017 QD31 .St6 2710 1 Books
Copyright © 2026  MUG Library